000 00765cab a2200229 4500
001 ABS58354
008 090401t1998 xxu||||| |||| 00| 0 eng d
035 _a(Sirsi) u84497
041 _aeng
245 _aUnderstanding and managing risk
260 _c1998
350 _a0
490 _aBulletpoint
_v(48) February 1998, 7-110(4)
520 _aA management dossier on handling risk in business. Defines risk and its various forms, looks at risk behaviour and gives guidance on risk assessment and management. Chart for risk mapping.
650 _aRISK ANALYSIS
650 _aRISK MANAGEMENT
650 _aRISK MAPPING
650 _aRISK TRANSFER
690 _aMANAGEMENT-BUSINESS MANAGEMENT-PROFESSIONAL PRACTICE
942 _n0
948 _c25/02/1998
999 _c53099
_d53099